| 000 | 00000nas##2200000za#4500 |
|---|---|
| 001 | 9.514643 |
| 003 | CaOODSP |
| 005 | 20210929082751 |
| 007 | ta |
| 008 | 150406c1994||||xxc|| m #||||f| |0eng|d |
| 040 | |aCaOODSP|beng |
| 043 | |an-cn--- |
| 086 | 1 |aFo29-44E |
| 110 | 1 |aCanada. |bNatural Resources Canada. |bCanadian Forest Service. |
| 245 | 10|aWorking paper |
| 260 | |aVictoria - British Columbia : |bNatural Resources Canada. |
| 500 | |aIssued under the Canada-British Columbia Partnership Agreement on Forest Resource Development: FRDA II. |
| 563 | |aSpiral binding |
| 776 | 0#|tWorking paper |w(CaOODSP)9.506906 |